00763nam a2200229 a 45000010005000000030008000050050017000130080041000300350018000710400032000890410008001210820022001291000025001512450069001762600035002453000026002806500030003066500040003369420013003769990015003899520129004045352BD-RjUL20211208234042.0161005s1944 ii b 001 0 eng  a(BD-RjUL)5388 aDLCcDLCdDLCdBD-RjULbeng aeng a323.154bSAS 19441 aSapre, R. B.923285014aThe solution of the Indian Minorities problem /cby R. B. Sapre aBombay :bthe Author,c[1944?] a29, [2] p. ;c19 cm. aMinoritieszIndia9232851 aRace discrimination zIndia9232852 2ddccRAR c5352d5352 00102ddc40718RAREaRUCLbRUCLcRared1963-10-21g2.00l0oRA 323.154 SAS 1944r2019-09-08 00:00:00tC-1w2019-09-08yRAR